<?xml version="1.0" encoding="UTF-8"?>
<record
    xmlns:xsi="http://www.w3.org/2001/XMLSchema-instance"
    xsi:schemaLocation="http://www.loc.gov/MARC21/slim http://www.loc.gov/standards/marcxml/schema/MARC21slim.xsd"
    xmlns="http://www.loc.gov/MARC21/slim">

  <leader>01127nam a2200301 i 4500</leader>
  <controlfield tag="001">180884</controlfield>
  <controlfield tag="003">ES-MaACL</controlfield>
  <controlfield tag="005">20230930212211.0</controlfield>
  <controlfield tag="008">120807s2006    sp cdfo      |||| | spa d</controlfield>
  <datafield tag="020" ind1=" " ind2=" ">
    <subfield code="a">84-9768-286-6</subfield>
  </datafield>
  <datafield tag="080" ind1=" " ind2=" ">
    <subfield code="a">334.726(460)</subfield>
  </datafield>
  <datafield tag="100" ind1="1" ind2=" ">
    <subfield code="a">Guill&#xE9;n, Mauro F.</subfield>
    <subfield code="9">60770</subfield>
  </datafield>
  <datafield tag="245" ind1="1" ind2="3">
    <subfield code="a">El auge de la empresa multinacional espa&#xF1;ola / </subfield>
    <subfield code="c">Mauro F. Guill&#xE9;n ; traducci&#xF3;n de Purificaci&#xF3;n Fl&#xF3;rez.</subfield>
  </datafield>
  <datafield tag="260" ind1=" " ind2=" ">
    <subfield code="a">Madrid : </subfield>
    <subfield code="b">Marcial Pons, Ediciones Jur&#xED;dicas y Sociales, </subfield>
    <subfield code="c">2006.</subfield>
  </datafield>
  <datafield tag="300" ind1=" " ind2=" ">
    <subfield code="a">282 p., [16] p. de l&#xE1;m. fot. : </subfield>
    <subfield code="b">gr&#xE1;f. ; </subfield>
    <subfield code="c">24 cm.</subfield>
  </datafield>
  <datafield tag="490" ind1="1" ind2=" ">
    <subfield code="a">Econom&#xED;a y empresa ; </subfield>
    <subfield code="v">6</subfield>
  </datafield>
  <datafield tag="500" ind1=" " ind2=" ">
    <subfield code="a">&#xCD;ndice.</subfield>
  </datafield>
  <datafield tag="504" ind1=" " ind2=" ">
    <subfield code="a">Bibliograf&#xED;a: p. [255]-271.</subfield>
  </datafield>
  <datafield tag="650" ind1="0" ind2="7">
    <subfield code="a">Multinacionales-</subfield>
    <subfield code="z">Espa&#xF1;a.</subfield>
    <subfield code="9">15355</subfield>
  </datafield>
  <datafield tag="700" ind1="1" ind2=" ">
    <subfield code="a">Fl&#xF3;rez, Purificaci&#xF3;n.</subfield>
    <subfield code="9">151242</subfield>
  </datafield>
  <datafield tag="710" ind1="2" ind2=" ">
    <subfield code="a">Fundaci&#xF3;n Rafael del Pino.</subfield>
    <subfield code="9">4399</subfield>
  </datafield>
  <datafield tag="830" ind1="0" ind2=" ">
    <subfield code="a">Econom&#xED;a y empresa ; </subfield>
    <subfield code="v">6</subfield>
    <subfield code="9">180436</subfield>
  </datafield>
  <datafield tag="852" ind1=" " ind2=" ">
    <subfield code="a">ES-MaACL</subfield>
    <subfield code="j">A-12163</subfield>
    <subfield code="9">187761</subfield>
    <subfield code="b">R.147105</subfield>
    <subfield code="c">DEPO1</subfield>
    <subfield code="d">Olim: N-5168</subfield>
    <subfield code="x">Donaci&#xF3;n: Real Academia Espa&#xF1;ola</subfield>
  </datafield>
  <datafield tag="903" ind1=" " ind2=" ">
    <subfield code="a">Real Academia Espa&#xF1;ola</subfield>
  </datafield>
  <datafield tag="914" ind1=" " ind2=" ">
    <subfield code="9">6336</subfield>
    <subfield code="a">Real Academia Espa&#xF1;ola</subfield>
    <subfield code="e">dnr</subfield>
  </datafield>
  <datafield tag="942" ind1=" " ind2=" ">
    <subfield code="2">udc</subfield>
    <subfield code="c">MONOGRAFIA</subfield>
  </datafield>
  <datafield tag="999" ind1=" " ind2=" ">
    <subfield code="c">180884</subfield>
    <subfield code="d">180884</subfield>
  </datafield>
  <datafield tag="952" ind1=" " ind2=" ">
    <subfield code="0">0</subfield>
    <subfield code="1">0</subfield>
    <subfield code="2">udc</subfield>
    <subfield code="4">0</subfield>
    <subfield code="7">0</subfield>
    <subfield code="a">ATENEOM</subfield>
    <subfield code="b">ATENEOM</subfield>
    <subfield code="c">DEPO1</subfield>
    <subfield code="d">2012-08-07</subfield>
    <subfield code="e">DONACION</subfield>
    <subfield code="l">0</subfield>
    <subfield code="o">A-12163</subfield>
    <subfield code="p">1190076</subfield>
    <subfield code="r">2023-02-23 00:00:00</subfield>
    <subfield code="w">2023-02-23</subfield>
    <subfield code="y">MONOGRAFIA</subfield>
  </datafield>
</record>
